Normal view
MARC view
- Beas Zárate, Carlos
Entry Nombre personal
001 - NÚMERO DE CONTROL
- campo de control: 10941
003 - IDENTIFICADOR DE NÚMERO DE CONTROL
- campo de control: DLC
005 - FECHA Y HORA DE LA ÚLTIMA TRANSACCIÓN
- campo de control: 20230908103108.0
008 - ELEMENTOS DE DATO DE LONGITUD-FIJA
- campo de control de longitud fija: 121107n| azannaabn |a aaa c
010 ## - NÚMERO DE CONTROL DE LA BIBLIOTECA DEL CONGRESO
- Número de control de LC: ns2012005140
035 ## - NÚMERO DE CONTROL DEL SISTEMA
- Número de control de sistema: (OCoLC)oca09343507
035 ## - NÚMERO DE CONTROL DEL SISTEMA
- Número de control de sistema: (Uk)008623136
035 ## - NÚMERO DE CONTROL DEL SISTEMA
- Número de control de sistema: (CaEvSKY)skya10058729
040 ## - FUENTE DE CATALOGACIÓN
- Centro catalogador/agencia de origen: MX-SnUAN
- Lengua de catalogación: spa
- Normas de descripción: rda
- Centro/agencia transcriptor: MX-SnUAN
- Centro/agencia modificador: Uk
- Centro/agencia modificador: DNLM
- Centro/agencia modificador: Uk
- Centro/agencia modificador: MX-SlUA
- Centro/agencia modificador: MX-LbUP
100 1# - ENCABEZAMIENTO-NOMBRE DE PERSONA
- Nombre de persona: Beas Zárate, Carlos
372 ## - CAMPO DE ACTIVIDAD
- Campo de actividad: Ciencias Médicas
- Campo de actividad: Biología Molecular
- Fuente del término: lcsh
373 ## - GRUPO ASOCIADO
- Grupo asociado: Universidad de Guadalajara
- Fuente del término: naf
373 ## - GRUPO ASOCIADO
- Grupo asociado: Centro de investigacion Biomédica de Occidente del IMSS
374 ## - OCUPACIÓN
- Ocupación: Farmacia
- Fuente del término: lcsh
375 ## - GÉNERO/SEXO
- Género: hombre
377 ## - IDIOMA ASOCIADO
- Código del idioma: spa
400 1# - TRAZADO DE VÉASE--NOMBRE DE PERSONA
- Nombre de persona: Zárate, Carlos Beas
400 1# - TRAZADO DE VÉASE--NOMBRE DE PERSONA
- Nombre de persona: Beas, Carlos
670 ## - FUENTE DE DATOS ENCONTRADOS
- Cita de la fuente: Biblioteca del Congreso (Estados Unidos), 8 septiembre 2023:
- Información encontrada: catálogo electrónico (Carlos Beas Zárate)